Έρως θέρος πόλεμος : μυθιστόρημα
Saved in:
| Main Author: | |
|---|---|
| Format: | Book |
| Language: | Greek |
| Published: |
Αθήνα :
Καστανιώτης,
c2003
|
| Edition: | 34η έκδ. |
| Subjects: | |
| Tags: |
Add Tag
No Tags, Be the first to tag this record!
|
MARC
| LEADER | 00000nam a2200000 i 4500 | ||
|---|---|---|---|
| 001 | 1/65115 | ||
| 008 | 071129s2003 gre d | ||
| 020 | |a 960-03-3494-3 | ||
| 035 | |l 10092658 | ||
| 040 | |a GR-MY-UA |b gre |e aacr | ||
| 041 | 0 | |a gre | |
| 082 | 0 | |a 889.334 | |
| 100 | 1 | |a Φακίνου, Ευγενία |d 1945- | |
| 245 | 1 | 0 | |a Έρως θέρος πόλεμος : |b μυθιστόρημα / |c Ευγενία Φακίνου |
| 250 | |a 34η έκδ. | ||
| 260 | |a Αθήνα : |b Καστανιώτης, |c c2003 | ||
| 300 | |a 427 σ.; |c 22 εκ. | ||
| 650 | 0 | 0 | |a Historical fiction, Greek (Modern) |
| 650 | 0 | 0 | |a Greek fiction. |
| 650 | 0 | 0 | |a Greek fiction, Modern. |
| 852 | |a INST |b CHIOS |e 20071129 |h 889.334 ΦΑΚ |p 005200022139 |q 005200022139 |t BK |y 0 | ||
| 901 | |a BIBL2-2005-2 | ||
| 909 | |a Χ |b 112748 | ||
| 922 | |a 2ΕΛΗ |b 200410 |c ΚΕΝΤΡΙΚΗ ΒΙΒΛΙΟΘΗΚΗ |d ΠΥΞΙΔΑ | ||